| 000 | 00592nam a22001697a 4500 | ||
|---|---|---|---|
| 003 | NUST - PNEC | ||
| 005 | 20170116181138.0 | ||
| 008 | 151007b xxu||||| |||| 00| 0 eng d | ||
| 020 | _a9789698535148 | ||
| 040 | _cLIBRARY | ||
| 082 | _a954.92 SID | ||
| 100 |
_914444 _aSiddique, Muhammad Yousuf |
||
| 245 |
_aBengal mein arabi w farsi kutbaat: Mashriq mein islami tehzeeb kay asaar (Urdu) _cDr. Muhammad Yousuf Siddique |
||
| 260 |
_aIslamabad: _bNational University of Science & Technology Islamabad _c2013 |
||
| 650 |
_914452 _aHistory of arco in East Bengal _xGeneral |
||
| 942 |
_2ddc _cBK |
||
| 999 |
_c70340 _d70340 |
||